[Event "Khanty-Mansiysk FIDE GP"]
[Site "Khanty-Mansiysk"]
[Date "2015.05.14"]
[Round "1"]
[White "Jakovenko, Dmitrij"]
[Black "Giri, Anish"]
[Result "1-0"]
[WhiteElo "2738"]
[BlackElo "2776"]
[Annotator "Jakovenko,D"]
[PlyCount "121"]
[EventDate "2015.05.14"]
[EventType "tourn"]
[EventRounds "11"]
[EventCountry "RUS"]
[EventCategory "21"]
[SourceTitle "CBM 167"]
[Source "ChessBase"]
[SourceDate "2015.07.13"]
[SourceVersion "1"]
[SourceVersionDate "2015.07.13"]
[SourceQuality "1"]

1. Nf3 {[%emt 0:00:32]} d5 {[%emt 0:00:40]} 2. d4 {[%emt 0:00:41]} Nf6 {
[%emt 0:00:36]} 3. c4 {[%emt 0:00:37]} e6 {[%emt 0:00:34]} 4. Nc3 {[%emt 0:00:
47]} Bb4 {[%emt 0:00:39]} 5. Qa4+ {[%emt 0:00:46]} Nc6 {[%emt 0:00:37]} 6. Ne5
$5 {[%emt 0:00:35] This rare line was suggested to me by my second Denis
Khismatullin. Short analysis has proven that Black, despite having a plethora
of enticing possibilities, can easily make a mistake and end up in an inferior
position.} Bd7 {[%emt 0:05:29]} 7. Nxd7 {[%emt 0:00:36]} Qxd7 {[%emt 0:03:24]}
8. e3 {[%emt 0:04:51]} O-O {[%emt 0:01:44]} 9. a3 {[%emt 0:03:27]} Bxc3+ {
[%emt 0:04:06]} 10. bxc3 {[%emt 0:00:44]} e5 {[%emt 0:07:26] In order to
benefit from the development advantage Black is seeking an active continuation.
Fortunately for White his centre is solid enough and later on the opening of
the play will prove beneficial to him, due to the advantage of the bishop pair.
} 11. Be2 {[%emt 0:01:55]} Rfe8 {[%emt 0:05:41]} 12. Bb2 {[%emt 0:00:39]} ({
Naturally it was not possible to play} 12. O-O $4 {due to} Nxd4) 12... dxc4 {
[%emt 0:07:26]} 13. Qxc4 {[%emt 0:13:05]} ({After} 13. Bxc4 a6 {[%csl Gb2]
[%cal Gb7b5,Gc6a5] Black would be obtaining tempi in the fight for the
c4-square. Besides, White really needs to think about the potential c3-c4
advance in order to open up the bishop on b2.}) 13... Na5 {[%emt 0:09:57]} 14.
Qb4 {[%emt 0:28:15]} ({A serious alternative would have been the move} 14. Qa2
$5 {During the game I had been under impression, that after the advance c3-c4
the queen on a2 will be too passive. It is quite possible, that it was more
important to avoid blows against the exposed queen.} {In the event of} c5 15.
dxe5 Rxe5 16. c4 $14 {the initiative would belong to the white pieces.}) 14...
b6 {[%emt 0:01:38]} 15. dxe5 {[%emt 0:07:43]} (15. Rd1 {would not succeed
because of} Qc6 $1 (15... Nd5 $2 16. dxe5) 16. O-O Nd5 17. Qb5 Nxc3 $1 $11)
15... Nc6 {[%emt 0:00:52]} (15... Rxe5 $5 {deserved serious attention:} 16. c4
Rc5 $13 {not fearing the doubling of pawns on the f-file. On the other hand
also the game move does not spoil anything.}) 16. Qf4 {[%emt 0:02:59]} Nxe5 {
[%emt 0:03:21]} 17. Rd1 {[%emt 0:05:46]} Qc6 $6 {[%emt 0:12:59] The first step
in the wrong direction. Black is overestimating his possibilities trying hard
to prevent c3-c4 advance.} ({After the quiet choice} 17... Qe7 18. c4 Ng6 19.
Qf5 Rad8 (19... Ne4 $2 20. Rd7) 20. O-O Ne4 $13 {Black should in my opinion be
able to gradually reach equality due to the absence of weaknesses in his
position.}) 18. O-O {[%emt 0:00:41]} Ne4 {[%emt 0:12:34] On this and the
following move Black was still able to get off the false track, but it would
not be fully compatible with the move ...Qc6.} (18... Re7 19. c4 Rae8 20. Rd4
$14) 19. c4 {[%emt 0:02:17]} Nxc4 $6 {[%emt 0:01:37]} (19... f6 $142 $14) 20.
Rc1 {[%emt 0:07:24]} ({After} 20. Bxc4 Qxc4 21. Qg4 g6 {White was not able to
exploit the vulnerability of the dark squares, but the pawn would still be
missing.}) 20... b5 {[%emt 0:01:08]} 21. Bxc4 $1 {[%emt 0:01:16] The move
order is quite crucial.} ({In the event of the immediate} 21. f3 {Black would
be playing} Ned2 $1) 21... bxc4 {[%emt 0:00:40]} 22. f3 {[%emt 0:00:38] It
became obvious, that my opponent in the heat of grabbing the pawn did not see
this line or simply failed to appreciate the consequences. Black's knight
suddenly does not have a a suitable square for a retreat.} Nf6 {[%emt 0:13:04]}
(22... Nd6 23. Qg5 $16) (22... Nd2 $4 23. Qd4 $18) (22... Qb6 23. Bxg7 Kxg7 24.
fxe4 Qe6 25. Rf3 $5 $16) 23. Rxc4 {[%emt 0:00:40]} Qe6 {[%emt 0:01:54]} 24.
Bxf6 Qxf6 {[%emt 0:04:19]} 25. Qxf6 {[%emt 0:16:06]} gxf6 {[%emt 0:00:35]} 26.
Kf2 {[%emt 0:01:21] As a consequence of the short tactical exchange we have
reached a very complicated rook ending. Even the computer is not able to offer
real assistance since it consequently gives the false value to many positions.}
({As an example I abstained from} 26. e4 {due to} Rab8 27. Rxc7 (27. Kf2 $142 {
see 26.Kf2}) 27... Rb2 $1 28. Rxa7 Rd8 {Stockfish gives White +2 and shows the
line} 29. Kh1 Rdd2 30. Rg1 Ra2 31. h4 Rd3 32. Rc1 Raxa3 {not really
understanding, that after the exchange of a pair of rooks the endgame is
theoretically drawn.}) 26... Rab8 {[%emt 0:07:05]} 27. Rfc1 $6 {[%emt 0:02:11]
An inaccuracy, after which Black could have immediately made a draw.} ({
It was better to play} 27. e4 {[%cal Gf2g3,Gc4a4] in order to hide the king on
g3 and locate the rook on a4. Despite that Black would most likely have a way
to a safe haven:} Rb2+ 28. Kg3 Rd8 29. Rf2 ({After} 29. Rxc7 Ra2 30. Rxa7 Rd3 {
we would have reached the same theoretical drawing line with 4 against 3 pawns}
) 29... Rxf2 30. Kxf2 Rd2+ 31. Kg3 Ra2 32. Ra4 c5 33. Rxa7 c4 {when White is
not able to avoid trading the c-pawn for the a-pawn with a draw.}) 27... Rb3 $2
{[%emt 0:04:09]} ({Black could have saved hinmself with} 27... Rb2+ 28. R1c2
Reb8 29. Rxc7 a5 $1 ({During the game I was calculating only} 29... Rxc2+ 30.
Rxc2 Rb3 31. Rc6 $1 {[%cal Gc6a6] with a win} Rxa3 32. Rxf6 {and I believe,
that this position must be winning}) 30. e4 Rxc2+ 31. Rxc2 Rb3 32. Ra2 a4 $11)
28. R1c3 {[%emt 0:03:39]} Reb8 {[%emt 0:00:47]} 29. Rxc7 {[%emt 0:05:18]} a5 {
[%emt 0:01:54]} ({There was the quite interesting endgame along these lines:} 
29... Rxc3 30. Rxc3 Rb2+ 31. Kg3 Ra2 {. Despite that White should gradually be
able to win:} 32. e4 a5 33. h4 Kg7 34. Kf4 a4 (34... Rxg2 35. Rc5 $18) 35. g4
h6 36. h5 Ra1 37. Ke3 Kf8 38. Kd4 Ke7 39. Kc5 Rb1 40. Rc4 Rb3 41. Rxa4 Rxf3 42.
Ra7+ Ke6 43. a4) {After the text move Black wants to play a4, trade the rooks
on c3 and play ...Rb3. Even though I did not have too much time on the clock I
have fortunately managed to find the best response.} 30. g4 $1 {[%emt 0:07:54]
The first step is to move the g-pawn from the 2nd rank...} a4 {[%emt 0:01:18]}
31. Ke2 {[%emt 0:00:38] ...the white king is rushing to help its own rooks.
The humble a3-pawn seems to be the most important factor in all positions - it
has to be saved!} h5 $2 {[%emt 0:07:11] Anish was also suffering from lack of
time and committed the decisive mistake.} ({The main idea of the latest white
moves was clearly visible in the variation} 31... Rb2+ 32. Kd3 Rxh2 33. Rc8+ $1
Rxc8 34. Rxc8+ Kg7 35. Rc4 {and in such a position the spare pawn on the
a-file whould have been enough for win.}) ({It was still possible to prolong
the resistance with the help of} 31... Kg7 32. Kd3 Kg6 33. R7c4 Rxc3+ 34. Rxc3
f5 $16 {even though I believe, that despite that with best play on both sides
Black should not be able to save the game.}) 32. gxh5 {[%emt 0:01:04]} Rb2+ {
[%emt 0:01:21]} 33. Kd3 {[%emt 0:01:49]} Rd8+ {[%emt 0:01:58]} 34. Ke4 {
[%emt 0:01:20]} Rxh2 {[%emt 0:01:39]} (34... Re8+ 35. Kf5 Rb5+ 36. Kg4 Rg5+ 37.
Kh4 Ree5 38. R7c4 Rxh5+ 39. Kg3 $18) 35. Rc8 {[%emt 0:00:51]} Rxc8 {[%emt 0:00:
37]} 36. Rxc8+ {[%emt 0:00:33]} Kg7 {[%emt 0:00:33]} 37. Ra8 {[%emt 0:01:44]}
Rxh5 {[%emt 0:01:17]} 38. Rxa4 $18 {[%emt 0:00:36]} f5+ {[%emt 0:04:00]} 39.
Kd3 {[%emt 0:02:14]} Rh1 {[%emt 0:01:54]} 40. Rc4 {[%emt 0:00:00]} Kf6 {
[%emt 0:00:00]} 41. f4 {[%emt 0:00:00] My plan consisted in the idea to put
the white rook to c3 after which the black king will be cut off from the
a-pawn. Black will be left without any counterplay.} Ke6 {[%emt 0:00:00]} 42.
Rc6+ {[%emt 0:00:00]} Ke7 {[%emt 0:00:00]} 43. Kc2 {[%emt 0:00:00]} Re1 {
[%emt 0:00:00]} 44. Rc3 {[%emt 0:00:00]} Kd6 {[%emt 0:00:00]} 45. a4 {[%emt 0:
00:00]} Ra1 {[%emt 0:00:00]} 46. Kb3 {[%emt 0:00:00]} Rb1+ {[%emt 0:00:00]} 47.
Ka2 {[%emt 0:00:00]} ({The winning line was} 47. Ka3 Ra1+ 48. Kb4 Rb1+ 49. Rb3
Ra1 50. a5 Kc6 51. Rc3+ Kd6 (51... Kb7 52. Rc5) 52. Ra3) 47... Rb8 {[%emt 0:00:
00]} 48. Ka3 {[%emt 0:00:00]} Ra8 {[%emt 0:00:00]} 49. Rb3 $6 {[%emt 0:00:00]
In the period of last few moves I always had to make a choice between
different plans, each of which seemed to be 99%winning but not 100%. As a
consequence Black nearly got the chance for a draw.} (49. Kb4 $142 {see game.})
49... Re8 {[%emt 0:00:00]} ({With the help of the move} 49... Kc5 $1 {my
opponent could have seriously complicated my winning process. After} 50. Rb5+
Kc4 51. Rxf5 Rd8 {the only way to win was hidden in} 52. Re5 $1 ({The drawish
line was equally} 52. e4 Rd3+ 53. Kb2 Rd2+ 54. Kc1 Ra2 55. Rxf7 Kc3 $1 56. Rc7+
Kd3 57. Ra7 Kc3 58. Kb1 Rb2+ $1 59. Ka1 Rb4 60. e5 Rxf4 61. Ka2 Re4 62. Ka3 Kc4
$11) ({just as} 52. Rxf7 Rd3+ 53. Kb2 Rxe3 54. a5 Re2+ 55. Ka3 Re1 $1 56. Ka2
Re2+ 57. Kb1 Re1+ 58. Kc2 Re2+ 59. Kd1 Ra2 60. Rf8 Rxa5 61. Ke2 Ra3 62. Rd8 Kc5
$11) 52... Rd3+ 53. Kb2 Rd2+ 54. Kc1 Ra2 55. a5 Kc3 56. Kd1 Kd3 57. Ke1 $18
Re2+ 58. Kf1 Ra2 59. Re7 Rxa5 60. Kf2 {. Sincerely speaking I am not at all
sure that I would have been able to find a winning line after such an
unexpected turn of events.}) 50. Rc3 {[%emt 0:00:00]} Ra8 {[%emt 0:00:00]} 51.
Kb4 {[%emt 0:00:00] Now I was returning to the correct plan and the rest is
simple.} Rb8+ {[%emt 0:00:00]} 52. Kc4 {[%emt 0:00:00]} Rc8+ {[%emt 0:00:00]}
53. Kd4 {[%emt 0:00:00]} Ra8 {[%emt 0:00:00]} 54. Ra3 {[%emt 0:00:00]} Ra5 {
[%emt 0:00:00]} 55. Kc4 {[%emt 0:00:00] Black is not able to simultaneosly
fight with my passed pawn and defend his own foot soldiers.} Kc6 {[%emt 0:00:
00]} 56. Kb4 {[%emt 0:00:00]} Rd5 {[%emt 0:00:02]} 57. Rc3+ {[%emt 0:00:00]}
Kb6 {[%emt 0:01:12]} 58. Rc8 {[%emt 0:00:00]} Rd3 {[%emt 0:07:42]} 59. a5+ {
[%emt 0:00:00]} Kb7 {[%emt 0:00:35]} 60. Rc3 {[%emt 0:00:00]} Rd1 {[%emt 0:00:
00]} 61. Rc5 {[%emt 0:00:00]} 1-0

[Event "Lausanne FIDE GP (Women)"]
[Site "Lausanne"]
[Date "2020.03.10"]
[Round "8"]
[White "Kashlinskaya, Alina"]
[Black "Ju, Wenjun"]
[Result "0-1"]
[WhiteElo "2484"]
[BlackElo "2583"]
[Annotator "Ju,Wenjun"]
[PlyCount "72"]
[EventDate "2020.03.02"]
[EventType "tourn"]
[EventRounds "11"]
[EventCountry "SUI"]
[EventCategory "11"]
[SourceTitle "CBM 195"]
[Source "ChessBase"]
[SourceDate "2020.04.30"]
[SourceVersion "1"]
[SourceVersionDate "2020.04.30"]
[SourceQuality "1"]

{[%evp 0,72,16,10,37,-21,-16,-23,-14,-14,33,-44,-44,-82,-23,-19,10,3,24,7,20,6,
13,16,27,27,18,26,25,36,41,41,39,27,90,81,124,119,80,50,69,-44,9,-167,-146,
-167,-225,-221,-155,-155,-159,-160,-162,-164,-158,-164,-161,-181,-186,-189,
-189,-185,-182,-184,-186,-197,-196,-231,-206,-204,-209,-255,-261,-310,-308]} {
This is 8th round of Lausanne Women's Grand Prix. I play Black against Alina
Kashlinskaya.} 1. d4 Nf6 2. c4 e6 3. Nf3 d5 4. Nc3 Bb4 5. Qa4+ Nc6 6. e3 O-O 7.
Bd2 $5 {This is an interesting line against the Ragozin. White could also play
7.Qc2 here.} dxc4 8. Bxc4 Bd6 9. Qc2 e5 10. dxe5 Nxe5 11. Nxe5 Bxe5 {[#]} 12.
f4 ({Interesting is} 12. O-O-O $5 {with the idea of f4 and e4, and if Black
prevents it with} Qe7 {then} 13. Kb1 Be6 14. Bxe6 Qxe6 15. f3 Rad8 16. e4 $13)
12... Bxc3 13. Bxc3 Ng4 14. Bd4 c5 $1 {If 14...Re8, White can play 15.0-0-0
and has a big advantage.} 15. Bxc5 Re8 16. O-O b6 $5 {Recently I watched some
videos of the World Blitz Championship and found the game Andreikin-Carlsen.
After that, I did some analysis of this line. During the game I found 16...b6
could be a surprise to my opponent.} (16... Nxe3 {also works:} 17. Bxe3 Rxe3
18. Qf2 Qb6 19. Rfe1 Rxe1+ 20. Rxe1 Qxf2+ 21. Kxf2 Kf8 $11 22. Rc1 Bf5 23. Bb3
Rc8 24. Rxc8+ Bxc8 25. Ke3 Ke7 26. Kd4 b6 27. Bd5 f6 28. g3 Kd6 29. a3 h6 30.
b4 Bd7 {1/2 (30) Abasov,N (2632)-Anand,V (2765) Douglas ENG 2019}) 17. Rfd1 (
17. Bd4 {is equal after} Nxe3 18. Bxe3 Rxe3 19. Qf2 Re8 20. Rad1 Qf6 21. Qd4
Qxd4+ 22. Rxd4 Bf5 23. Rfd1 g6 24. Ba6 Kg7 25. Kf2 Re7 26. a3 Rae8 27. Rc1 h5
28. Bb5 Re4 29. Rxe4 Rxe4 30. Rc4 Re7 31. Rc3 Re4 32. Rc4 Re7 33. Rc3 Re4 {
1/2 (33) Giri,A (2782)-So,W (2770) Paris 2016}) (17. h3 $5 bxc5 18. hxg4 Bxg4
$13) 17... Qh4 18. g3 (18. h3 bxc5 19. hxg4 Bxg4 $40) 18... Qh3 {[#]} 19. Bd4 (
19. Bf1 Qh5 20. Bd4 Bb7 {transposes to the game.}) (19. Bd5 Bf5 $3 20. Bxf7+ (
20. e4 Rac8 21. exf5 Rxc5 22. Qg2 Qxg2+ 23. Bxg2 Rc2 $44) (20. Qg2 Qxg2+ 21.
Bxg2 Rac8) (20. Qxf5 Qxh2+ 21. Kf1 Qf2#) 20... Kxf7 21. Qxf5+ Kg8 $19) 19...
Bb7 20. Bf1 Qh5 {[#]} {With the h1-a8 diagonal exposed and the e3 pawn
weakened after the move f4, Black has enough compensation.} 21. Qe2 $4 (21. Qd2
{was necessary:} Nxe3 22. Bxe3 Qf3 23. Bg2 Qxg2+ 24. Qxg2 Bxg2 $11) 21... Bf3
$1 22. Qd2 (22. Qxf3 Qxh2#) 22... Bxd1 $19 23. Rxd1 Nxe3 24. Be2 Qd5 25. Bxe3
Qxd2 26. Rxd2 Rxe3 27. Kf2 Ree8 28. Rd7 Rad8 29. Rxd8 Rxd8 30. Ke3 Kf8 31. a4
Ke7 32. Bc4 Rd1 33. b3 f6 34. Bd3 h6 35. h4 Rc1 36. Ke4 Rc3 0-1

[Event "Monaco m"]
[Site "Monte Carlo"]
[Date "1996.??.??"]
[Round "7"]
[White "Dreev, Alexey"]
[Black "Piket, Jeroen"]
[Result "1-0"]
[WhiteElo "2670"]
[BlackElo "2570"]
[Annotator "King,D"]
[PlyCount "109"]
[EventDate "1996.04.??"]
[EventType "match"]
[EventRounds "8"]
[EventCountry "MNC"]
[SourceTitle "CBM 053"]
[Source "ChessBase"]
[SourceDate "1996.08.01"]
[SourceVersion "1"]
[SourceVersionDate "1996.08.01"]
[SourceQuality "1"]

1. d4 Nf6 2. c4 e6 3. Nf3 d5 4. Nc3 Bb4 5. Bg5 h6 6. Bxf6 Qxf6 7. e3 O-O 8. Rc1
dxc4 9. Bxc4 c5 10. O-O cxd4 11. Nxd4 Rd8 12. Qb3 Ba5 13. Be2 Nd7 14. Rfd1 a6
15. Ne4 Qe7 16. a3 Nf8 17. Rc5 Bc7 18. h3 e5 19. Rdc1 exd4 20. Rxc7 Qe8 21. Bh5
Be6 22. Qb6 dxe3 23. Qxe3 Bd5 24. Nc3 Qxe3 25. fxe3 Be6 26. Rxb7 Nd7 27. Rd1
Ne5 28. Rxd8+ Rxd8 29. Be2 Nc4 30. Bxc4 Bxc4 31. Rb4 Rc8 32. Kf2 f5 33. Rb7 Rd8
34. Rc7 Bb3 35. Ke2 Rd6 36. Rc5 Rg6 37. Kf3 Rf6 38. Rc8+ Kh7 39. Rd8 Rb6 40.
Kf4 Be6 41. b4 Rc6 42. Ne2 Bf7 43. Nd4 Rc3 44. Rd7 Kg8 45. a4 Be8 46. Ra7 Bxa4
47. Rxa6 Bd7 48. Rd6 {There is no doubt that Black is going down, but his next
move allows White's king to play a starring role.} g5+ 49. Ke5 Rxe3+ 50. Kf6
Ba4 51. Nxf5 Rb3 52. Rb6 h5 {It is hardly surprising that with such fire power
around the king that mate follows.} 53. Rb8+ Kh7 54. Rb7+ Kg8 55. Ne7+ (55.
Ne7+ Kf8 (55... Kh7 56. Ng6+ Kh6 57. Rb8) 56. Rb8+ Be8 57. Ng6+ Kg8 58. Rxe8+
Kh7 59. Rh8#) 1-0

[Event "EU-chT (Men) 15th"]
[Site "Gothenburg"]
[Date "2005.08.05"]
[Round "7.2"]
[White "Moiseenko, Alexander"]
[Black "Jobava, Baadur"]
[Result "0-1"]
[WhiteElo "2664"]
[BlackElo "2621"]
[Annotator "Kortschnoj,V"]
[PlyCount "108"]
[EventDate "2005.07.30"]
[EventType "team-swiss"]
[EventRounds "9"]
[EventCountry "SWE"]
[SourceTitle "CBM 109"]
[Source "ChessBase"]
[SourceDate "2005.11.14"]
[SourceVersion "1"]
[SourceVersionDate "2005.11.14"]
[SourceQuality "1"]
[WhiteTeam "Ukraine"]
[BlackTeam "Georgia"]
[WhiteTeamCountry "UKR"]
[BlackTeamCountry "GEO"]

1. d4 d5 2. c4 e6 3. Nc3 Bb4 4. Nf3 Nf6 5. cxd5 exd5 6. Bg5 O-O 7. e3 c5 {
The so called "Westfalia" variation in a modernised treatment - Black
postpones the neccessary in this set-up move Nbd7, starting immediate actions
in the centre.} 8. Bd3 (8. dxc5 Nbd7 9. Be2 {has been played many times -
White comes out of the opening with a slight advantage. In this game White
tries to get more.}) 8... c4 9. Bb1 $2 {As the continuation of the game
clearly shows, this move is bad - the idea connected with this move does not
work. 8.Bc2 is certainly better.} Bxc3+ 10. bxc3 Nbd7 11. Qc2 $6 {White is
trying to accomplish his idea. Instead he had to play 11.Nd2 Qa5 12.Qc1 -
White stands better.} Qa5 12. Nd2 Ne4 13. Nxe4 $6 (13. Be7 $1 Re8 14. Bb4 Qd8
15. f3 Qh4+ (15... Qg5 16. Nf1 $1) 16. g3 Nxg3 17. Qxh7+ Qxh7 18. Bxh7+ Kxh7
19. hxg3+ Kg8 20. Kf2 $14) 13... dxe4 $15 14. Bh4 (14. Be7 Re8 15. Bb4 Qg5 $15)
14... Nb6 15. O-O {White is planning to play f2-f3, but looks for better
circumstances. In order not to get squeezed he had to play it now!} Re8 16. Bg3
Nd5 $17 17. Rc1 Qa3 18. Qd2 Bf5 19. f3 f6 20. Bf2 b5 21. fxe4 Bxe4 {Some
people would prefer here to take the pawn with the rook!} 22. Bxe4 Rxe4 23.
Rab1 a6 24. Qb2 Qxb2 25. Rxb2 {Finally White managed to develop his queen side,
gets some relief, but his position, with the bishop protecting his weak pawn,
remains bad, practically lost. Still, Black needs to play precisely.} Nb6 $1 {
Black prevents the counter-play of his opponent!} 26. Kf1 Kf7 27. Ke2 Ke6 28.
Kf3 Kd5 29. g4 Rae8 30. Ra1 Kc6 {Black regrouped his pieces and is going to
put the knight to d5, either winning a pawn or to sacrifice an exchange on e3,
or to strengthen his grip with g7-g6, f6-f5, f5-f4...} 31. a4 {So whether it
works or not - White can't wait any longer with his counter-play.} Nxa4 32.
Rxa4 bxa4 33. Rb4 a5 $1 34. Rxc4+ Kb5 35. Rc5+ Kb6 36. Rc4 R4e6 37. Rxa4 {
The move 37.d5, perhaps planned by White, does not work because of 37...Re4!}
Kb5 38. Ra3 Ra6 39. d5 a4 40. e4 Kc4 41. Bg3 {If 41.Ke3 then g7-g6, followed
by f6-f5.} Kd3 42. d6 Rd8 {More precise is 42...Kc2} 43. g5 $6 {43.e5 would
render some chances for defence} Kc2 $19 44. c4 Kb2 45. Re3 a3 46. gxf6 gxf6
47. e5 a2 48. exf6 Rdxd6 $1 49. Be5+ Kc2 50. Re2+ Kb3 51. Rb2+ Kxc4 52. Rxa2
Rd3+ 53. Ke4 Rxa2 54. f7 Rf2 0-1